| 000 | 00478nam a22001457a 4500 | ||
|---|---|---|---|
| 008 | 230406b |||||||| |||| 00| 0 eng d | ||
| 040 |
_aNational Science Library _cNational Science Library |
||
| 080 | _a330.19(54) | ||
| 245 |
_aResolutions on economic policy and programme: _b1924-54 _c/ All India Congress Committee |
||
| 260 |
_aNew Delhi: _bAll India Congress Committee, _c1954 |
||
| 300 | _a93p. | ||
| 650 | _aEconomics | ||
| 653 | _aEconomic policy | ||
| 942 |
_2udc _cREP |
||
| 999 |
_c19090 _d19090 |
||